|
|
|
|
| LEADER |
00696nab#a2200265#ar4500 |
| 001 |
000060913 |
| 003 |
SVKKK |
| 005 |
19951120xxxxxxx. |
| 008 |
06 c xo huno |
| FMT |
|
|
|
| 038 |
|
|
|a SVKKK
|
| 040 |
|
|
|a SVKKK
|b slo
|e AACR2
|
| 041 |
0 |
|
|a hun
|
| 044 |
|
|
|a xo
|c SK
|
| 080 |
|
|
|a 339.3
|
| 245 |
0 |
0 |
|a Singer Brief Rozália :
|b Cipő raktár
|
| 650 |
0 |
4 |
|a obchod - topánky (artikel) - sklady - Singer, Brief Rozália - rok 1901 - Sátoraljaujhely (HU) - inzeráty
|
| 773 |
0 |
|
|t Zempléni Hirlap
|g Roč. 9, č. 24 (27.03.1901) s. 4
|
| 957 |
|
|
|a Sátoraljaujhely (HU)
|
| 958 |
|
|
|a DG
|
| 958 |
|
|
|a SK
|
| 974 |
|
|
|a KKá
|d 19951120
|
| 992 |
|
|
|a RBX
|
| BAS |
|
|
|
| 998 |
|
|
|a RETRO
|